| 000 | 01156cam a22002651i 4500 | ||
|---|---|---|---|
| 003 | SA-RiAUC | ||
| 005 | 20250820042351.0 | ||
| 008 | 250819s2004 su o g 00010bara c | ||
| 020 | _a9960106608 | ||
| 040 |
_aSA-RiAUC _bara _cSA-RiAUC _erda |
||
| 082 | 0 | 4 |
_a923.9 _qSA-RiAUC |
| 090 |
_a923.9 _bم ش و |
||
| 100 | 1 |
_aالمشوح، محمد بن عبد الله بن إبراهيم، _d1386 هجري- _eمؤلف. |
|
| 245 | 1 | 0 |
_aعميد الرحالين محمد بن ناصر العبودي : _bحياته-إسهاماته-جهوده / _cتأليف محمد بن عبد الله بن إبراهيم المشوح. |
| 250 | _aالطبعة الأولى. | ||
| 264 | 1 |
_aالرياض : _bدار الميمان للنشر والتوزيع، _c2004. |
|
| 300 |
_a494 صفحة : _bصور ؛ _c24 سم |
||
| 336 |
_aنص _btxt _2rdacontent _3كتاب |
||
| 337 |
_aبدون وسيط _bn _2rdamedia |
||
| 338 |
_aمجلد _bnc _2rdacarrier |
||
| 600 | 1 | 7 |
_aالعبودي، محمد بن ناصر، _d1345-1443 هجري _2aucnm |
| 650 | 7 |
_aالرحالة السعوديون _vتراجم _2aucsh |
|
| 942 |
_2ddc _cBOOK _n0 |
||
| 949 |
_aSA-JeALM _d250819 _ueid123 _n1 |
||
| 999 |
_c10964 _d10964 |
||